Quick Pick: Basilisk Victims Quiz Stats

 Plays Quiz Updated Feb 20, 2018

Challenge
Share
Tweet
Embed
Score 0/7 Timer 01:00
5 Plays Today
% Correct
Colin Creevey
91%
Mrs. Norris
89.8%
Hermione Granger
87.3%
Myrtle Warren
85.6%
Justin Finch-Fletchley
81.9%
Nicholas de Mimsy-Porpington
79.5%
Penelope Clearwater
73.7%

Today's Daily Dose

You're not logged in!

Compare scores with friends on all Sporcle quizzes.
Join for Free
OR
Log In

You Might Also Like...

Show Comments

Extras

Top Quizzes Today


Score Distribution

Your Account Isn't Verified!

In order to create a playlist on Sporcle, you need to verify the email address you used during registration. Go to your Sporcle Settings to finish the process.

Report this User

Report this user for behavior that violates our Community Guidelines.

Details: